'The' TV Shows per Letter Quiz Stats

 Plays Quiz Updated Sep 11, 2017

Score 0/24 Timer 05:00
1 Play Today
% Correct
The Fresh Prince of Bel-Air
95.7%
The Jetsons
94.1%
The Big Bang Theory
92.3%
The Price is Right
91.3%
The Golden Girls
90.2%
The Incredible Hulk
88.9%
The X-Files
86.5%
The Voice
85%
The Yogi Bear Show
83.4%
The King of Queens
83.2%
The West Wing
82.5%
The Sopranos
79.5%
% Correct
The Daily Show with Jon Stewart
78.4%
The Love Boat
77.5%
The Amazing Race
62.2%
The Mindy Project
56.7%
The Twilight Zone
56.4%
The Ed Sullivan Show
52.2%
The New Adventures of Old Christine
50.9%
The Closer
50.4%
The Untouchables
50.2%
The O.C.
49.4%
The Rockford Files
42.8%
The Hardy Boys
31.7%

You're not logged in!

Compare scores with friends on all Sporcle quizzes.
OR
Log In

You Might Also Like...

Show Comments

Extras

Top Quizzes Today


Score Distribution

Your Account Isn't Verified!

In order to create a playlist on Sporcle, you need to verify the email address you used during registration. Go to your Sporcle Settings to finish the process.

Report this User

Report this user for behavior that violates our Community Guidelines.

Details: